<?xml version="1.0" encoding="UTF-8"?><?xml-stylesheet type="text/xsl" href="static/style.xsl"?><OAI-PMH xmlns="http://www.openarchives.org/OAI/2.0/" xmlns:xsi="http://www.w3.org/2001/XMLSchema-instance" xsi:schemaLocation="http://www.openarchives.org/OAI/2.0/ http://www.openarchives.org/OAI/2.0/OAI-PMH.xsd"><responseDate>2026-06-30T01:54:26Z</responseDate><request verb="GetRecord" identifier="oai:repisalud.isciii.es:20.500.12105/5815" metadataPrefix="marc">https://repisalud.isciii.es/rest/oai/request</request><GetRecord><record><header><identifier>oai:repisalud.isciii.es:20.500.12105/5815</identifier><datestamp>2025-04-02T08:38:45Z</datestamp><setSpec>com_20.500.12105_2203</setSpec><setSpec>com_20.500.12105_2202</setSpec><setSpec>col_20.500.12105_19585</setSpec></header><metadata><record xmlns="http://www.loc.gov/MARC21/slim" xmlns:dcterms="http://purl.org/dc/terms/" xmlns:doc="http://www.lyncode.com/xoai" xmlns:xsi="http://www.w3.org/2001/XMLSchema-instance" xsi:schemaLocation="http://www.loc.gov/MARC21/slim http://www.loc.gov/standards/marcxml/schema/MARC21slim.xsd">
   <leader>00925njm 22002777a 4500</leader>
   <datafield ind2=" " ind1=" " tag="042">
      <subfield code="a">dc</subfield>
   </datafield>
   <datafield ind2=" " ind1=" " tag="720">
      <subfield code="a">Instituto de Salud Carlos III. Gabinete de prensa</subfield>
      <subfield code="e">author</subfield>
   </datafield>
   <datafield ind2=" " ind1=" " tag="260">
      <subfield code="c">2012-08-01</subfield>
   </datafield>
   <datafield ind2=" " ind1=" " tag="520">
      <subfield code="a">Nota de prensa en la que se trata del  buen estado de las redes de calidad de aire del Centro Nacional de Sanidad Ambiental del INSCIII. Los organismos participantes en este primer ejercicio del año han sido: Junta de Aragón, Comunidad de Madrid, Junta de Castilla-León, Gobierno de Cantabria, Ayuntamiento de Valladolid, País Vasco, Junta de Andalucía, Gobierno de las Islas Baleares, Xunta de Galicia, Gobierno de la Rioja, Ayuntamiento de Madrid y Ayuntamiento de Zaragoza</subfield>
   </datafield>
   <datafield ind1="8" ind2=" " tag="024">
      <subfield code="a">http://hdl.handle.net/20.500.12105/5815</subfield>
   </datafield>
   <datafield tag="653" ind2=" " ind1=" ">
      <subfield code="a">calidad de aire</subfield>
   </datafield>
   <datafield ind2="0" ind1="0" tag="245">
      <subfield code="a">Comunidades autónomas y entidades locales comprueban en el Centro Nacional de Sanidad Ambiental del Instituto de Salud Carlos III el buen estado de sus redes de calidad de aire</subfield>
   </datafield>
</record></metadata></record></GetRecord></OAI-PMH>